00458nam a2200145 i 450000100060000000300090000600500170001500700030003200800410003510000630007624500620013926000670020130000220026885200220029097887ES-MaACL20250823063054.0t|050719s1928 sp ||||1| spa d1 aEza, Luis Marichalar y Monreal, cVizconde de, d1873-194510aProblemas político-sociales / cpor el Vizconde de Eza. aToledo : b[s.n.], c1928 (fImp. Colegio de María Cristina) a404 p. ; c24 cm. aES-MaACLjF-11579